000 00743nam a2200217 i 4500
001 13268
003 ES-MaACL
005 20231213170230.0
007 t|
008 980120s1997 sp ||||1| spa d
020 _a84-920016-7-4
080 _a929.64(460.27 M.)
100 1 _aArco y García, Fernando del,
_d1923-2020
_922508
245 1 0 _aLabras heráldicas de la Villa y Corte /
_cFernando del Arco y García.
260 _aMadrid :
_bColegio Heráldico de España y de las Indias,
_cD.L. 1997.
300 _a174 p. :
_bil. ;
_c22 cm.
650 1 4 _aHeráldica-
_zMadrid.
_913319
710 2 _aColegio Heráldico de España y de las Indias (Madrid)
_92920
852 _aES-MaACL
_jL-20628
_bR.125943
999 _c13268
_d13268